00493nam a2200145Ia 4500008004100000041000800041082001400049100001700063245004500080260004400125300003000169365001100199999001500210952012200225240624s9999 xx 000 0 und d aeng a658.5 SEI aSEIFERT DIRK aCOLLABORATIVE PLANNING FORECASTING AND R c2007aNew DelhibPrentice-Hall of India axx, : 411 : p. : cm. ; 23 cRSb36 c7519d7519 00104070aIMTNbIMTNcRack 34-Bd2007-11-30eBUg450.00l0o658.5 SEIp7519r2024-06-24 00:00:00t1w2024-06-24yBK